[Event "Tournoi International du Pays de Charleroi 2018"]
[Site "Roux, Belgium"]
[Date "2018.08.04"]
[Round "9.18"]
[White "Colin, Peter"]
[Black "Roos, David"]
[Result "0-1"]
[WhiteElo "1918"]
[BlackElo "2142"]

1. e4 {[%clk 01:30:14]} {[%emt 00:00:45]} c5 {[%clk 01:30:48]} {[%emt
00:00:12]} 2. Nf3 {[%clk 01:30:12]} {[%emt 00:00:32]} d6 {[%clk 01:31:02]}
{[%emt 00:00:17]} 3. d4 {[%clk 01:30:27]} {[%emt 00:00:15]} cxd4 {[%clk
01:31:28]} {[%emt 00:00:04]} 4. Nxd4 {[%clk 01:30:46]} {[%emt 00:00:11]} Nf6
{[%clk 01:31:54]} {[%emt 00:00:03]} 5. Nc3 {[%clk 01:31:08]} {[%emt 00:00:08]}
g6 {[%clk 01:30:44]} {[%emt 00:01:41]} 6. Be3 {[%clk 01:30:58]} {[%emt
00:00:39]} Bg7 {[%clk 01:31:11]} {[%emt 00:00:05]} 7. f3 {[%clk 01:29:56]}
{[%emt 00:01:31]} O-O {[%clk 01:30:56]} {[%emt 00:00:45]} 8. Qd2 {[%clk
01:29:45]} {[%emt 00:00:41]} Nc6 {[%clk 01:31:12]} {[%emt 00:00:14]} 9. O-O-O
{[%clk 01:29:53]} {[%emt 00:00:21]} d5 {[%clk 01:31:31]} {[%emt 00:00:12]} 10.
Nxc6 {[%clk 01:29:47]} {[%emt 00:00:35]} bxc6 {[%clk 01:31:39]} {[%emt
00:00:23]} 11. e5 {[%clk 01:27:55]} {[%emt 00:02:20]} Nd7 {[%clk 01:25:14]}
{[%emt 00:06:56]} 12. f4 {[%clk 01:27:46]} {[%emt 00:00:39]} Qa5 {[%clk
01:23:48]} {[%emt 00:01:56]} 13. Kb1 {[%clk 01:27:44]} {[%emt 00:00:31]} Rb8
{[%clk 01:22:06]} {[%emt 00:02:14]} 14. Ne4 {[%clk 01:26:06]} {[%emt 00:02:08]}
Qa3 {[%clk 01:21:09]} {[%emt 00:01:26]} 15. Qc3 {[%clk 01:26:25]} {[%emt
00:00:11]} Rxb2+ {[%clk 01:20:24]} {[%emt 00:01:15]} 16. Qxb2 {[%clk 01:25:28]}
{[%emt 00:01:27]} Qxe3 {[%clk 01:20:50]} {[%emt 00:00:04]} 17. Nd2 {[%clk
01:23:27]} {[%emt 00:02:30]} Qxf4 {[%clk 01:19:35]} {[%emt 00:01:46]} 18. Bd3
{[%clk 01:22:24]} {[%emt 00:01:33]} Bxe5 {[%clk 01:19:10]} {[%emt 00:00:56]} 19.
Qa3 {[%clk 01:20:52]} {[%emt 00:02:02]} Qd4 {[%clk 01:14:22]} {[%emt 00:05:17]}
20. Nb3 {[%clk 01:20:29]} {[%emt 00:00:53]} Qc3 {[%clk 01:14:48]} {[%emt
00:00:05]} 21. Rde1 {[%clk 01:14:56]} {[%emt 00:06:02]} c5 {[%clk 01:11:25]}
{[%emt 00:03:54]} 22. Rxe5 {[%clk 01:14:59]} {[%emt 00:00:26]} Qxe5 {[%clk
01:11:40]} {[%emt 00:00:15]} 23. Nxc5 {[%clk 01:14:49]} {[%emt 00:00:39]} Nxc5
{[%clk 01:12:08]} {[%emt 00:00:04]} 24. Qxc5 {[%clk 01:15:11]} {[%emt
00:00:07]} Bd7 {[%clk 01:12:12]} {[%emt 00:00:25]} 25. c3 {[%clk 01:12:40]}
{[%emt 00:03:01]} Rb8+ {[%clk 01:09:28]} {[%emt 00:03:16]} 26. Ka1 {[%clk
01:09:38]} {[%emt 00:03:31]} Rc8 {[%clk 01:08:16]} {[%emt 00:01:42]} 27. Qd4
{[%clk 01:09:52]} {[%emt 00:00:15]} Qxd4 {[%clk 01:08:24]} {[%emt 00:00:23]} 28.
cxd4 {[%clk 01:10:14]} {[%emt 00:00:07]} Bf5 {[%clk 01:08:41]} {[%emt
00:00:15]} 29. Be2 {[%clk 01:09:20]} {[%emt 00:01:23]} Be4 {[%clk 01:08:51]}
{[%emt 00:00:21]} 30. Bf3 {[%clk 01:07:13]} {[%emt 00:02:37]} Bxf3 {[%clk
01:07:49]} {[%emt 00:01:31]} 0-1

[Event "Tournoi International du Pays de Charleroi 2018"]
[Site "Roux, Belgium"]
[Date "2018.08.04"]
[Round "9.6"]
[White "Klinova, Masha"]
[Black "Sclacmender, Julien"]
[Result "1/2-1/2"]
[WhiteTitle "WGM"]
[WhiteElo "2298"]
[BlackElo "2245"]

1. e4 {[%emt 00:00:21]} c5 {[%clk 01:30:56]} 2. Nf3 {[%clk 01:31:08]} {[%emt
00:00:05]} d6 {[%clk 01:31:24]} {[%emt 00:00:01]} 3. Bb5+ {[%clk 01:31:21]}
{[%emt 00:00:17]} Nd7 {[%clk 01:31:45]} {[%emt 00:00:11]} 4. O-O {[%clk
01:31:41]} {[%emt 00:00:08]} a6 {[%clk 01:32:12]} {[%emt 00:00:04]} 5. Bxd7+
{[%clk 01:32:05]} {[%emt 00:00:05]} Bxd7 {[%clk 01:32:40]} {[%emt 00:00:03]} 6.
d4 {[%clk 01:32:29]} {[%emt 00:00:06]} cxd4 {[%clk 01:33:07]} {[%emt 00:00:05]}
7. Qxd4 {[%clk 01:32:54]} {[%emt 00:00:03]} Rc8 {[%clk 01:33:33]} {[%emt
00:00:04]} 8. a4 {[%clk 01:32:25]} {[%emt 00:00:59]} Qc7 {[%clk 01:33:59]}
{[%emt 00:00:05]} 9. Nc3 {[%clk 01:32:29]} {[%emt 00:00:26]} e5 {[%clk
01:27:33]} {[%emt 00:06:56]} 10. Qd3 {[%clk 01:27:50]} {[%emt 00:05:08]} Be6
{[%clk 01:27:31]} {[%emt 00:00:33]} 11. Re1 {[%clk 01:16:48]} {[%emt 00:11:31]}
h6 {[%clk 01:27:06]} {[%emt 00:00:56]} 12. Be3 {[%clk 01:15:01]} {[%emt
00:02:16]} Nf6 {[%clk 01:26:30]} {[%emt 00:01:07]} 13. a5 {[%clk 01:09:14]}
{[%emt 00:06:17]} Be7 {[%clk 01:19:30]} {[%emt 00:07:29]} 14. Nd2 {[%clk
01:01:42]} {[%emt 00:08:01]} O-O {[%clk 01:11:36]} {[%emt 00:08:24]} 15. Nf1
{[%clk 00:58:27]} {[%emt 00:03:46]} Qc6 {[%clk 01:07:56]} {[%emt 00:04:10]} 16.
Bb6 {[%clk 00:47:39]} {[%emt 00:11:18]} Nd7 {[%clk 00:44:11]} {[%emt 00:24:15]}
17. Ne3 {[%clk 00:34:17]} {[%emt 00:13:52]} Nxb6 {[%clk 00:43:31]} {[%emt
00:01:10]} 18. axb6 {[%clk 00:34:42]} {[%emt 00:00:05]} Qxb6 {[%clk 00:43:19]}
{[%emt 00:00:42]} 19. Ncd5 {[%clk 00:33:59]} {[%emt 00:01:13]} Qd8 {[%clk
00:42:32]} {[%emt 00:01:17]} 20. Nf5 {[%clk 00:30:50]} {[%emt 00:03:38]} Bg5
{[%clk 00:29:46]} {[%emt 00:13:17]} 21. Nxd6 {[%clk 00:28:31]} {[%emt
00:02:49]} Rb8 {[%clk 00:25:03]} {[%emt 00:05:13]} 22. Nc4 {[%clk 00:26:55]}
{[%emt 00:02:05]} Bf6 {[%clk 00:20:04]} {[%emt 00:05:30]} 23. Red1 {[%emt
00:04:44]} Kh8 {[%clk 00:13:21]} {[%emt 00:07:11]} 24. b3 {[%clk 00:15:46]}
{[%emt 00:07:26]} 1/2-1/2

[Event "Tournoi International du Pays de Charleroi 2018"]
[Site "Roux, Belgium"]
[Date "2018.08.04"]
[Round "9.27"]
[White "Godry, Clement"]
[Black "Mueller, Martin"]
[Result "1/2-1/2"]
[WhiteElo "1940"]
[BlackElo "2078"]

1. Nf3 {[%clk 01:30:56]} {[%emt 00:00:03]} d5 {[%clk 01:30:53]} {[%emt
00:00:07]} 2. e3 {[%clk 01:31:10]} {[%emt 00:00:17]} Nf6 {[%clk 01:30:59]}
{[%emt 00:00:24]} 3. c4 {[%clk 01:31:22]} {[%emt 00:00:18]} c6 {[%clk
01:30:59]} {[%emt 00:00:30]} 4. d4 {[%clk 01:31:33]} {[%emt 00:00:19]} a6
{[%clk 01:31:23]} {[%emt 00:00:07]} 5. Nc3 {[%clk 01:31:09]} {[%emt 00:00:52]}
e6 {[%clk 01:31:48]} {[%emt 00:00:06]} 6. Bd3 {[%clk 01:31:24]} {[%emt
00:00:15]} dxc4 {[%clk 01:29:16]} {[%emt 00:03:02]} 7. Bxc4 {[%clk 01:31:40]}
{[%emt 00:00:13]} b5 {[%clk 01:29:44]} {[%emt 00:00:03]} 8. Bd3 {[%clk
01:31:50]} {[%emt 00:00:19]} c5 {[%clk 01:29:53]} {[%emt 00:00:21]} 9. Ne4
{[%clk 01:25:16]} {[%emt 00:07:04]} Nbd7 {[%clk 01:28:21]} {[%emt 00:02:03]} 10.
dxc5 {[%clk 01:17:17]} {[%emt 00:08:28]} Nxc5 {[%clk 01:26:35]} {[%emt
00:02:17]} 11. Nxc5 {[%clk 01:16:48]} {[%emt 00:00:59]} Bxc5 {[%clk 01:26:39]}
{[%emt 00:00:27]} 12. Qc2 {[%clk 01:16:02]} {[%emt 00:01:15]} Qe7 {[%clk
01:22:21]} {[%emt 00:04:49]} 13. O-O {[%clk 01:13:17]} {[%emt 00:03:13]} Bb7
{[%clk 01:21:34]} {[%emt 00:01:17]} 14. Qe2 {[%clk 01:06:27]} {[%emt 00:07:19]}
O-O {[%clk 01:20:54]} {[%emt 00:01:12]} 15. e4 {[%clk 00:58:20]} {[%emt
00:08:36]} e5 {[%clk 01:18:05]} {[%emt 00:03:19]} 16. Bg5 {[%clk 00:57:52]}
{[%emt 00:00:59]} h6 {[%clk 01:14:54]} {[%emt 00:03:41]} 17. Bh4 {[%clk
00:57:49]} {[%emt 00:00:33]} Rfd8 {[%clk 01:12:04]} {[%emt 00:03:19]} 18. Rfd1
{[%clk 00:53:59]} {[%emt 00:04:20]} Rd6 {[%clk 00:48:05]} {[%emt 00:24:29]} 19.
Bc2 {[%clk 00:51:51]} {[%emt 00:02:37]} Rad8 {[%clk 00:45:32]} {[%emt
00:03:05]} 20. Rxd6 {[%clk 00:51:42]} {[%emt 00:00:39]} Rxd6 {[%clk 00:45:54]}
{[%emt 00:00:07]} 21. Bg3 {[%clk 00:50:28]} {[%emt 00:01:43]} Nd7 {[%clk
00:44:30]} {[%emt 00:01:55]} 22. Rd1 {[%clk 00:50:07]} {[%emt 00:00:51]} g5
{[%clk 00:42:51]} {[%emt 00:02:09]} 23. Rxd6 {[%clk 00:50:13]} {[%emt
00:00:24]} Qxd6 {[%clk 00:43:01]} {[%emt 00:00:21]} 24. Qd3 {[%clk 00:50:06]}
{[%emt 00:00:30]} Qxd3 {[%clk 00:42:57]} {[%emt 00:00:41]} 25. Bxd3 {[%clk
00:50:23]} {[%emt 00:00:13]} f6 {[%clk 00:43:12]} {[%emt 00:00:15]} 26. Kf1
{[%clk 00:48:53]} {[%emt 00:01:58]} Bb6 {[%clk 00:32:58]} {[%emt 00:10:45]} 27.
b4 {[%clk 00:44:52]} {[%emt 00:04:30]} Nf8 {[%clk 00:25:34]} {[%emt 00:07:55]}
28. Ne1 {[%clk 00:40:29]} {[%emt 00:04:53]} Bc8 {[%clk 00:19:20]} {[%emt
00:06:44]} 29. Nc2 {[%clk 00:32:55]} {[%emt 00:08:04]} Be6 {[%clk 00:19:07]}
{[%emt 00:00:43]} 30. a3 {[%clk 00:33:12]} {[%emt 00:00:14]} Bb3 {[%clk
00:19:21]} {[%emt 00:00:16]} 31. f3 {[%clk 00:33:31]} {[%emt 00:00:11]} Ng6
{[%clk 00:14:21]} {[%emt 00:05:30]} 32. Bf2 {[%clk 00:32:32]} {[%emt 00:01:28]}
Bxc2 {[%clk 00:10:23]} {[%emt 00:04:28]} 33. Bxc2 {[%clk 00:32:51]} {[%emt
00:00:12]} Bxf2 {[%clk 00:10:49]} {[%emt 00:00:04]} 34. Kxf2 {[%clk 00:31:46]}
{[%emt 00:01:34]} h5 {[%clk 00:11:16]} {[%emt 00:00:03]} 35. a4 {[%clk
00:25:58]} {[%emt 00:06:19]} bxa4 {[%clk 00:10:23]} {[%emt 00:01:23]} 36. Bxa4
{[%clk 00:24:38]} {[%emt 00:01:50]} Kf8 {[%clk 00:06:59]} {[%emt 00:03:54]} 37.
Bb3 {[%clk 00:24:28]} {[%emt 00:00:40]} Ne7 {[%clk 00:06:11]} {[%emt 00:01:17]}
38. Bc4 {[%clk 00:24:48]} {[%emt 00:00:10]} Nc6 {[%clk 00:06:29]} {[%emt
00:00:13]} 39. Bxa6 {[%clk 00:25:11]} {[%emt 00:00:07]} Nxb4 {[%clk 00:06:56]}
{[%emt 00:00:03]} 40. Bc4 {[%clk 00:25:03]} {[%emt 00:00:35]} Ke7 {[%clk
00:07:03]} {[%emt 00:00:26]} 41. Bb3 {[%clk 00:24:20]} {[%emt 00:01:11]} Nd3+
{[%clk 00:06:07]} {[%emt 00:01:27]} 42. Ke3 {[%clk 00:24:16]} {[%emt 00:00:32]}
Nf4 {[%clk 00:06:24]} {[%emt 00:00:15]} 43. g3 {[%clk 00:24:19]} {[%emt
00:00:26]} Ng6 {[%clk 00:06:44]} {[%emt 00:00:12]} 44. Bd5 {[%clk 00:23:55]}
{[%emt 00:00:52]} h4 {[%clk 00:06:57]} {[%emt 00:00:18]} 45. Bb7 {[%clk
00:22:24]} {[%emt 00:02:01]} Kd6 {[%clk 00:06:50]} {[%emt 00:00:38]} 46. Bc8
{[%clk 00:22:30]} {[%emt 00:00:16]} Kc5 {[%clk 00:06:44]} {[%emt 00:00:43]} 47.
Bf5 {[%clk 00:22:13]} {[%emt 00:00:45]} Ne7 {[%clk 00:07:07]} {[%emt 00:00:09]}
48. Be6 {[%clk 00:21:54]} {[%emt 00:00:48]} Kd6 {[%clk 00:07:16]} {[%emt
00:00:23]} 49. Bc4 {[%clk 00:21:59]} {[%emt 00:00:21]} Nc6 {[%clk 00:05:06]}
{[%emt 00:02:43]} 50. Be2 {[%clk 00:18:19]} {[%emt 00:04:09]} Nd4 {[%clk
00:05:25]} {[%emt 00:00:13]} 51. Bd1 {[%clk 00:18:37]} {[%emt 00:00:09]} f5
{[%clk 00:05:34]} {[%emt 00:00:23]} 52. f4 {[%clk 00:13:31]} {[%emt 00:05:34]}
gxf4+ {[%clk 00:12:47]} {[%emt 00:23:19]} 53. gxf4 {[%clk 00:43:39]} {[%emt
00:00:23]} Ke6 {[%clk 00:13:12]} {[%emt 00:00:05]} 54. fxe5 {[%clk 00:43:52]}
{[%emt 00:00:17]} Kxe5 {[%clk 00:13:36]} {[%emt 00:00:06]} 55. exf5 {[%clk
00:44:10]} {[%emt 00:00:10]} Nxf5+ {[%clk 00:14:01]} {[%emt 00:00:06]} 56. Kf3
{[%clk 00:44:21]} {[%emt 00:00:16]} Nh6 {[%clk 00:13:38]} {[%emt 00:00:57]}
1/2-1/2

[Event "Tournoi International du Pays de Charleroi 2018"]
[Site "Roux, Belgium"]
[Date "2018.08.04"]
[Round "9.13"]
[White "Kulkarni, Rakesh"]
[Black "Gitu, Paula-Alexandra"]
[Result "1-0"]
[WhiteTitle "IM"]
[BlackTitle "WFM"]
[WhiteElo "2363"]
[BlackElo "1990"]

1. d4 {[%clk 01:25:10]} {[%emt 00:05:41]} d6 {[%clk 01:30:59]} 2. e4 {[%clk
01:24:58]} {[%emt 00:00:49]} g6 {[%clk 01:30:57]} {[%emt 00:00:33]} 3. Nc3
{[%clk 01:25:21]} {[%emt 00:00:07]} Bg7 {[%clk 01:31:23]} {[%emt 00:00:04]} 4.
Be3 {[%clk 01:25:45]} {[%emt 00:00:06]} a6 {[%clk 01:31:29]} {[%emt 00:00:24]}
5. Qd2 {[%clk 01:26:04]} {[%emt 00:00:11]} b5 {[%clk 01:31:29]} {[%emt
00:00:30]} 6. f3 {[%clk 01:26:19]} {[%emt 00:00:14]} Bb7 {[%clk 01:29:22]}
{[%emt 00:02:38]} 7. g4 {[%clk 01:25:42]} {[%emt 00:01:06]} e6 {[%clk
01:12:11]} {[%emt 00:17:41]} 8. Nge2 {[%clk 01:21:32]} {[%emt 00:04:41]} h5
{[%clk 01:09:32]} {[%emt 00:03:10]} 9. gxh5 {[%clk 01:13:09]} {[%emt 00:08:52]}
Rh7 {[%emt 00:01:37]} 10. h6 Rxh6 {[%clk 01:08:25]} 11. Ng3 {[%clk 01:13:32]}
{[%emt 00:00:07]} Rh8 {[%clk 01:07:16]} {[%emt 00:01:40]} 12. Bg2 {[%clk
01:13:01]} {[%emt 00:01:01]} Nd7 {[%clk 01:03:29]} {[%emt 00:04:18]} 13. f4
{[%clk 01:06:06]} {[%emt 00:07:25]} Nb6 {[%clk 00:57:20]} {[%emt 00:06:38]} 14.
b3 {[%clk 00:59:56]} {[%emt 00:06:38]} Qe7 {[%clk 00:46:59]} {[%emt 00:10:53]}
15. a4 {[%clk 00:53:42]} {[%emt 00:06:45]} b4 {[%clk 00:37:52]} {[%emt
00:09:37]} 16. Nce2 {[%clk 00:46:04]} {[%emt 00:08:07]} a5 {[%clk 00:37:19]}
{[%emt 00:01:05]} 17. c3 {[%clk 00:44:27]} {[%emt 00:02:06]} d5 {[%clk
00:09:27]} {[%emt 00:28:21]} 18. cxb4 {[%clk 00:42:02]} {[%emt 00:02:55]} axb4
{[%clk 00:06:56]} {[%emt 00:03:02]} 19. e5 {[%clk 00:41:05]} {[%emt 00:01:26]}
Nh6 {[%clk 00:03:35]} {[%emt 00:03:51]} 20. Nc1 {[%clk 00:40:26]} {[%emt
00:01:10]} Ba6 {[%clk 00:03:43]} {[%emt 00:00:23]} 21. Bf1 {[%clk 00:34:31]}
{[%emt 00:06:24]} Bxf1 {[%clk 00:03:15]} {[%emt 00:00:58]} 22. Rxf1 {[%clk
00:34:56]} {[%emt 00:00:05]} Ng4 {[%clk 00:03:01]} {[%emt 00:00:45]} 23. Bg1
{[%clk 00:35:20]} {[%emt 00:00:06]} Bh6 {[%clk 00:00:35]} {[%emt 00:02:57]} 24.
h3 {[%clk 00:32:34]} {[%emt 00:03:16]} Qh4 {[%clk 00:00:35]} {[%emt 00:00:30]}
25. Qg2 {[%clk 00:32:56]} {[%emt 00:00:07]} Nxe5 {[%clk 00:00:36]} {[%emt
00:00:30]} 26. fxe5 {[%clk 00:33:19]} {[%emt 00:00:07]} Bf4 {[%clk 00:00:36]}
{[%emt 00:00:31]} 27. Nce2 {[%clk 00:32:46]} {[%emt 00:01:02]} Bxg3+ {[%clk
00:00:34]} {[%emt 00:00:31]} 28. Nxg3 {[%clk 00:33:09]} {[%emt 00:00:07]} Qxh3
{[%clk 00:00:59]} {[%emt 00:00:06]} 29. Qf3 {[%clk 00:33:35]} {[%emt 00:00:04]}
Qh7 {[%clk 00:00:37]} {[%emt 00:00:53]} 30. Be3 {[%clk 00:33:43]} {[%emt
00:00:22]} Qg7 {[%clk 00:00:55]} {[%emt 00:00:12]} 31. Rc1 {[%clk 00:34:05]}
{[%emt 00:00:08]} Ra7 {[%clk 00:00:58]} {[%emt 00:00:27]} 32. Bg5 {[%clk
00:34:15]} {[%emt 00:00:20]} Qf8 {[%clk 00:01:16]} {[%emt 00:00:13]} 33. Qf6
{[%clk 00:34:18]} {[%emt 00:00:27]} 1-0

[Event "Tournoi International du Pays de Charleroi 2018"]
[Site "Roux, Belgium"]
[Date "2018.08.04"]
[Round "9.19"]
[White "Jamar, Vadim"]
[Black "De Block, Yordi"]
[Result "1-0"]
[WhiteElo "1909"]
[BlackElo "2129"]

1. e4 {[%clk 01:30:57]} {[%emt 00:00:04]} d5 {[%clk 01:30:57]} {[%emt
00:00:03]} 2. exd5 {[%clk 01:30:58]} {[%emt 00:00:29]} Qxd5 {[%clk 01:31:21]}
{[%emt 00:00:07]} 3. Nc3 {[%clk 01:31:18]} {[%emt 00:00:09]} Qd6 {[%clk
01:31:50]} {[%emt 00:00:01]} 4. d4 {[%clk 01:31:12]} {[%emt 00:00:36]} Nf6
{[%clk 01:32:14]} {[%emt 00:00:05]} 5. Nf3 {[%clk 01:30:57]} {[%emt 00:00:45]}
g6 {[%clk 01:32:38]} {[%emt 00:00:06]} 6. Nb5 {[%clk 01:27:28]} {[%emt
00:03:59]} Qd8 {[%clk 01:31:30]} {[%emt 00:01:38]} 7. c4 {[%clk 01:26:27]}
{[%emt 00:01:32]} c6 {[%clk 01:31:45]} {[%emt 00:00:15]} 8. Nc3 {[%clk
01:23:52]} {[%emt 00:03:05]} Bg7 {[%clk 01:32:10]} {[%emt 00:00:05]} 9. Be2
{[%clk 01:23:05]} {[%emt 00:01:17]} O-O {[%clk 01:32:05]} {[%emt 00:00:34]} 10.
O-O {[%clk 01:22:47]} {[%emt 00:00:48]} Bg4 {[%clk 01:32:24]} {[%emt 00:00:11]}
11. h3 {[%clk 01:20:46]} {[%emt 00:02:32]} Bxf3 {[%clk 01:32:43]} {[%emt
00:00:11]} 12. Bxf3 {[%clk 01:21:09]} {[%emt 00:00:06]} Qc7 {[%clk 01:31:15]}
{[%emt 00:01:58]} 13. Be3 {[%clk 01:13:28]} {[%emt 00:08:12]} e6 {[%clk
01:30:18]} {[%emt 00:01:26]} 14. Qb3 {[%clk 01:09:13]} {[%emt 00:04:45]} Nbd7
{[%clk 01:30:08]} {[%emt 00:00:40]} 15. Rfd1 {[%clk 01:05:54]} {[%emt
00:03:49]} Rfd8 {[%clk 01:27:37]} {[%emt 00:03:00]} 16. Rac1 {[%clk 01:05:31]}
{[%emt 00:00:54]} Rac8 {[%clk 01:20:16]} {[%emt 00:07:51]} 17. d5 {[%clk
01:01:33]} {[%emt 00:04:29]} Ne5 {[%clk 01:16:36]} {[%emt 00:04:09]} 18. Bxa7
{[%clk 00:51:54]} {[%emt 00:10:09]} Nxf3+ {[%clk 01:16:56]} {[%emt 00:00:10]}
19. gxf3 {[%clk 00:52:14]} {[%emt 00:00:10]} Qf4 {[%clk 01:14:19]} {[%emt
00:03:07]} 20. d6 {[%clk 00:29:56]} {[%emt 00:22:49]} Rxd6 {[%clk 01:13:05]}
{[%emt 00:01:43]} 21. Rxd6 {[%clk 00:30:02]} Qxc1+ {[%clk 01:13:03]} {[%emt
00:00:57]} 22. Rd1 {[%clk 00:28:09]} {[%emt 00:02:22]} Qg5+ {[%clk 01:13:25]}
{[%emt 00:00:08]} 23. Kf1 {[%clk 00:28:29]} {[%emt 00:00:10]} Qh4 {[%clk
01:10:17]} {[%emt 00:03:38]} 24. Qxb7 {[%clk 00:27:05]} {[%emt 00:01:55]} Qxc4+
{[%clk 01:10:35]} {[%emt 00:00:11]} 25. Kg2 {[%emt 00:15:53]} 1-0

[Event "Tournoi International du Pays de Charleroi 2018"]
[Site "Roux, Belgium"]
[Date "2018.08.04"]
[Round "9.11"]
[White "Maddens, Martijn"]
[Black "Wiley, Tom"]
[Result "1/2-1/2"]
[WhiteElo "2141"]
[BlackElo "2207"]

1. e4 {[%clk 01:30:58]} {[%emt 00:00:02]} e6 {[%clk 01:30:54]} {[%emt
00:00:07]} 2. d4 {[%clk 01:31:25]} {[%emt 00:00:01]} d5 {[%clk 01:31:19]}
{[%emt 00:00:06]} 3. Bd3 {[%clk 01:31:44]} {[%emt 00:00:10]} c5 {[%clk
01:30:44]} {[%emt 00:01:07]} 4. exd5 {[%clk 01:32:06]} {[%emt 00:00:07]} exd5
{[%clk 01:31:10]} {[%emt 00:00:04]} 5. Nf3 {[%clk 01:32:24]} {[%emt 00:00:12]}
c4 {[%clk 01:30:16]} {[%emt 00:01:25]} 6. Be2 {[%clk 01:32:41]} {[%emt
00:00:12]} Bd6 {[%clk 01:30:37]} {[%emt 00:00:09]} 7. b3 {[%clk 01:32:13]}
{[%emt 00:00:59]} cxb3 {[%clk 01:31:02]} {[%emt 00:00:04]} 8. axb3 {[%clk
01:32:38]} {[%emt 00:00:05]} Ne7 {[%clk 01:31:11]} {[%emt 00:00:21]} 9. O-O
{[%clk 01:31:37]} {[%emt 00:01:31]} O-O {[%clk 01:31:25]} {[%emt 00:00:17]} 10.
c4 {[%clk 01:31:56]} {[%emt 00:00:10]} Nbc6 {[%clk 01:31:46]} {[%emt 00:00:09]}
11. Nc3 {[%clk 01:27:32]} {[%emt 00:04:53]} Bf5 {[%clk 01:30:32]} {[%emt
00:01:45]} 12. Bg5 {[%clk 01:24:41]} {[%emt 00:03:22]} f6 {[%clk 01:30:01]}
{[%emt 00:01:01]} 13. Bh4 {[%clk 01:21:06]} {[%emt 00:04:05]} Re8 {[%clk
01:26:44]} {[%emt 00:03:47]} 14. Ra4 {[%clk 01:07:58]} {[%emt 00:13:38]} b6
{[%clk 01:20:29]} {[%emt 00:06:45]} 15. cxd5 {[%clk 00:55:03]} {[%emt
00:13:24]} Nb4 {[%clk 01:19:58]} {[%emt 00:01:03]} 16. Bc4 {[%clk 00:55:16]}
{[%emt 00:00:17]} Kh8 {[%clk 01:17:36]} {[%emt 00:02:51]} 17. Nb5 {[%clk
00:49:43]} {[%emt 00:06:04]} a5 {[%clk 01:16:32]} {[%emt 00:01:35]} 18. Nxd6
{[%clk 00:48:14]} {[%emt 00:01:58]} Qxd6 {[%clk 01:16:34]} {[%emt 00:00:28]} 19.
Bg3 {[%clk 00:48:40]} {[%emt 00:00:05]} Qd7 {[%clk 01:13:47]} {[%emt 00:03:17]}
20. d6 {[%clk 00:48:18]} {[%emt 00:00:52]} Nc8 {[%clk 01:11:52]} {[%emt
00:02:25]} 21. Nh4 {[%clk 00:36:13]} {[%emt 00:12:35]} b5 {[%clk 01:00:26]}
{[%emt 00:11:56]} 22. Rxb4 {[%clk 00:31:58]} {[%emt 00:04:45]} axb4 {[%clk
01:00:30]} {[%emt 00:00:26]} 23. Bd5 {[%clk 00:32:11]} {[%emt 00:00:17]} Ra6
{[%clk 00:55:46]} {[%emt 00:05:14]} 24. Nxf5 {[%clk 00:31:50]} {[%emt
00:00:52]} Qxf5 {[%clk 00:55:56]} {[%emt 00:00:20]} 25. Bb7 {[%clk 00:26:34]}
{[%emt 00:05:46]} Rb6 {[%clk 00:55:46]} {[%emt 00:00:40]} 26. Bxc8 {[%clk
00:23:54]} {[%emt 00:03:10]} Qxc8 {[%clk 00:51:01]} {[%emt 00:05:15]} 27. h4
{[%clk 00:20:06]} {[%emt 00:04:18]} Rc6 {[%clk 00:44:21]} {[%emt 00:07:10]} 28.
Qh5 {[%clk 00:19:20]} {[%emt 00:01:16]} Rb6 {[%clk 00:42:09]} {[%emt 00:02:43]}
29. Qc5 {[%clk 00:17:17]} {[%emt 00:02:33]} Rb7 {[%emt 00:04:27]} 30. Rc1
{[%clk 00:16:12]} Qd7 {[%clk 00:39:56]} {[%emt 00:00:21]} 31. Qxb4 {[%clk
00:15:00]} {[%emt 00:01:42]} Kg8 {[%clk 00:38:20]} {[%emt 00:02:06]} 32. Qc5
{[%clk 00:10:00]} {[%emt 00:05:31]} g6 {[%clk 00:36:53]} {[%emt 00:01:56]} 33.
Qd5+ {[%clk 00:09:44]} {[%emt 00:00:47]} Qf7 {[%clk 00:36:56]} {[%emt
00:00:28]} 34. Qf3 {[%clk 00:08:52]} {[%emt 00:01:21]} Kg7 {[%clk 00:36:39]}
{[%emt 00:00:47]} 35. Rc5 {[%clk 00:08:35]} {[%emt 00:00:47]} h5 {[%clk
00:34:50]} {[%emt 00:02:19]} 36. Qc6 {[%clk 00:07:58]} {[%emt 00:01:07]} Qd7
{[%clk 00:32:28]} {[%emt 00:02:53]} 37. Qxd7+ {[%clk 00:07:15]} {[%emt
00:01:13]} Rxd7 {[%clk 00:32:35]} {[%emt 00:00:23]} 38. Rxb5 {[%clk 00:07:40]}
{[%emt 00:00:04]} Re1+ {[%clk 00:30:22]} {[%emt 00:02:43]} 39. Kh2 {[%clk
00:08:09]} {[%emt 00:00:02]} Kf7 {[%clk 00:29:37]} {[%emt 00:01:15]} 40. d5
{[%clk 00:08:34]} {[%emt 00:00:05]} Rd1 {[%clk 00:29:09]} {[%emt 00:00:57]} 41.
Bf4 {[%clk 00:07:06]} {[%emt 00:01:58]} Rd4 {[%clk 00:28:12]} {[%emt 00:01:29]}
42. g3 {[%clk 00:05:00]} {[%emt 00:02:35]} g5 {[%clk 00:24:45]} {[%emt
00:03:57]} 43. hxg5 {[%clk 00:03:55]} {[%emt 00:01:35]} fxg5 {[%clk 00:24:59]}
{[%emt 00:00:16]} 44. Be5 {[%clk 00:02:06]} {[%emt 00:02:19]} Re4 {[%clk
00:21:20]} {[%emt 00:04:09]} 45. f4 {[%clk 00:01:59]} {[%emt 00:00:37]} Re2
{[%clk 00:19:09]} {[%emt 00:02:41]} 46. Kg1 {[%clk 00:01:13]} {[%emt 00:01:16]}
g4 {[%clk 00:18:07]} {[%emt 00:01:32]} 47. Rb8 {[%clk 00:29:52]} {[%emt
00:01:50]} Ra7 {[%clk 00:48:03]} {[%emt 00:00:35]} 48. Bd4 {[%clk 00:17:22]}
{[%emt 00:13:00]} Raa2 {[%clk 00:47:13]} {[%emt 00:01:20]} 49. Rb7+ {[%clk
00:16:52]} {[%emt 00:01:00]} Kf8 {[%clk 00:42:08]} {[%emt 00:05:35]} 50. Rb8+
{[%clk 00:16:01]} {[%emt 00:01:21]} Kf7 {[%clk 00:42:18]} {[%emt 00:00:20]} 51.
Rb7+ {[%clk 00:16:28]} {[%emt 00:00:04]} Kf8 {[%clk 00:42:19]} {[%emt
00:00:29]} 52. Rb8+ {[%clk 00:03:50]} {[%emt 00:13:07]} Kf7 {[%emt 00:00:17]}
53. Rb7+ Kf8 {[%emt 00:00:15]} 54. Bg7+ Kg8 55. Re7 Rg2+ {[%emt 00:00:07]} 56.
Kf1 {[%emt 00:00:01]} Rgf2+ {[%emt 00:00:03]} 1/2-1/2